000 00803nam a2200241Ia 4500
003 OSt
005 20220930064428.0
006 a|||||r|||| 00| 0
007 ta
008 220926b |||||||| |||| 00| 0 eng d
024 _a4190
037 _cTheses
040 _aCRL
_cCRL
_beng
041 _2eng
_aeng
100 _aGupta Nisha
_9371693
110 _aUniversity of Delhi. Faculty of Inter-disciplinary and Applied Sciences. Department of Electronic Science
_9522757
245 0 _aAnalysis of coupled optical waveguides and waveguide devices
260 _c1993
650 _aELECTRICAL ENGINEERING
700 _aUniversity of Delhi. Faculty of Inter-disciplinary and Applied Sciences. Department of Electronic Science
_9522758
942 _cDIS
_2CC
999 _c858161
_d858161